000 00343nam a2200145Ia 4500
008 260601s2010 xx 000 0 und d
020 _a978-0-670-92160-7
041 _aeng
082 _a658.11/RIE
100 _aRIES ERIC
245 _aTHE LEAN STARTUP
260 _aUK
_bPENGUIN RANDOM HOUSE
_c2010
300 _aP.B,320
650 _aMBA
999 _c1222308
_d1222308